| 000 | 01119cam a22003251 4500 | ||
|---|---|---|---|
| 001 | 9362066 | ||
| 003 | OSt | ||
| 005 | 20140310182015.0 | ||
| 008 | 720511s1960 nyua j 000 0 eng | ||
| 010 | _a 60006370 | ||
| 020 | _a0060242558 | ||
| 035 | _a(OCoLC)306245 | ||
| 040 |
_aDLC _cODaWU _dOCoLC _dCStrNB _dPP _dDLC |
||
| 050 | 0 | 0 |
_aPZ 10.3 _b.M663 1960 |
| 082 |
_aKF _bM66i 1960 |
||
| 100 | 1 |
_aMinarik, Else Holmelund. _96487 |
|
| 245 | 1 | 0 |
_aLittle Bear's friend. _cPictures by Maurice Sendak. |
| 260 |
_aNew York, _bHarper _cc1960. |
||
| 300 |
_a57 p. : _bill. ; _c23 cm. |
||
| 440 | 3 |
_aAn I can read book _93940 |
|
| 520 | _aOne summer Little Bear makes friends with Emily and her doll Lucy. | ||
| 541 | _j1 | ||
| 562 | _e1 | ||
| 650 | 1 |
_aBears _xFiction. _96488 |
|
| 650 | 1 |
_aFriendship _xFiction. _96489 |
|
| 856 | 4 | 2 |
_3Publisher description _uhttp://www.loc.gov/catdir/description/hc044/60006370.html |
| 856 | 4 | 2 |
_3Contributor biographical information _uhttp://www.loc.gov/catdir/enhancements/fy0910/60006370-b.html |
| 906 |
_a7 _bcbc _coclcrpl _du _encip _f19 _gy-gencatlg |
||
| 942 |
_2lcc _cBK-KF _kKF |
||
| 999 |
_c8221 _d8221 |
||